| 000 | 00730nam a2200217 u 4500 | ||
|---|---|---|---|
| 005 | 20210223131335.0 | ||
| 008 | 100803s1996 r 000 0 eng d | ||
| 020 | _a848726574X | ||
| 035 | _aUPN01000177217 | ||
| 049 | _aCG | ||
| 050 | 4 |
_aPG3458 A5 _bC5 |
|
| 100 | 1 |
_aChéjov, Antón Pávlovich, _d1860-1904 |
|
| 245 | 1 | 0 |
_aCartas a Olga : _bcorrespondencia Chejov-Olga Knipper (1899-1904) / _cAnton Chejov ; tr. de Sebastián Ibañez. |
| 260 |
_aBarcelona, Esp. : _bParsifal, _c1996. |
||
| 300 | _a127 p. | ||
| 440 | 0 |
_aFiguras ; _v34 |
|
| 534 |
_pTítulo original: _tPerepiska |
||
| 600 | 1 | 4 |
_aCHEJOV, ANTON PAVLOVICH, _d1860-1904 - _vCORRESPONDENCIA, MEMORIAS, ETC. _917878 |
| 650 | 4 |
_aLITERATURA RUSA _9605 |
|
| 905 | _aLibro | ||
| 999 |
_c149320 _d149320 |
||